000 00878nmm a2200277 a 4500
001 ocm0001083881
003 TR-IsHL
005 20201028151754.0
008 150709s2012 tu tur
007 cr cn
020 _a9786054611218
035 _a1083881
_b(N$T)
050 0 4 _aPQ2469.T9
_bA9 2012
090 0 4 _aPQ2469.T9
_bA9 2012
100 1 _aVerne, Jules
245 1 0 _aAy'a yolculuk
_h[electronic resource] /
_cJules Verne ; İngilizce'den çeviren Talha Aksu
260 _aİstanbul :
_bMola Kitap,
_c2012
300 _a255 p.
650 4 _aDil ve Edebiyat
650 4 _aLanguage and Literature
650 0 _aFransız romanı
650 0 _aFrench fiction
650 7 _aLITERARY COLLECTIONS / European / French
_2bisacsh
700 1 _aAksu, Talha
856 4 0 _uhttp://search.ebscohost.com/login.aspx?direct=true&scope=site&db=e011xww&AN=1083881
999 _c11180
_d11180